000 00306nam a22001217a 4500
008 171005b xxu||||| |||| 00| 0 eng d
041 _aeng
080 _a159.9
100 _a49
101 _aPSI
245 _aPERSONALITY AND PREDICTION PRINCIPLES OF PERSONALITY ASSESSMENT
_cWIGGINS,J,S
942 _2udc
_cBK
999 _c32024
_d32024